Clicking Pasta Quiz Stats

 Plays Quiz Updated Oct 28, 2018

Score 0/20 Timer 02:00
7 Plays Today
% Correct
Spaghetti
97.1%
Ravioli
96.6%
Macaroni
95.7%
Penne
95.6%
Linguine
95.4%
Tortelloni
92.5%
Farfalle
85.5%
Ziti
81.4%
Manicotti
80.5%
Tagliatelle
70.3%
% Correct
Rotelle
70%
Cavatelli
67.2%
Fettucce
64.4%
Lasagnotte
63.7%
Soba
39.6%
Radiatori
37.6%
Alfabeto
32.7%
Fregula
32.5%
Croxetti
20%
Maultasche
17.5%

You're not logged in!

Compare scores with friends on all Sporcle quizzes.
OR
Log In

Show Comments

Extras

Top Quizzes Today


Score Distribution

Your Account Isn't Verified!

In order to create a playlist on Sporcle, you need to verify the email address you used during registration. Go to your Sporcle Settings to finish the process.

Report this User

Report this user for behavior that violates our Community Guidelines.

Details: